| 000 | 00344nam a2200133Ia 4500 | ||
|---|---|---|---|
| 008 | 240624s9999 xx 000 0 und d | ||
| 041 | _aeng | ||
| 082 | _a155.9042 DUT | ||
| 100 | _aDUTTA P K | ||
| 245 | _aOCCUPATIONAL STRESS MANAGEMENT | ||
| 260 |
_c2009 _aMumbai _bHimalaya Books Pvt. Ltd. |
||
| 300 | _a198 : p. : cm. ; 23 | ||
| 365 |
_cRS _b25 |
||
| 999 |
_c14868 _d14868 |
||